000 00680nam a2200229Ia 4500
003 OSt
005 20220718114040.0
008 210716s2010 xx 000 0 und d
020 _a9789350237564
040 _cAIMIT LIBRARY
041 _aeng
082 _a005.7681
_23
_bWHIT
100 _aWhite, Tom.
_950571
245 _aHadoop :
_bdefinitive guide /
_cBy Tom White.
250 _a3rd.
260 _aMumbai :
_bShroff Publishers and Distributors Pvt Ltd ,
_c2010.
300 _axxiii, 600,22p. ;
_c22.5 cm.
650 _aMeet hadoop
_950572
650 _aMapreduce
_950573
650 _aThe hadoop distributed filesystems
_950574
942 _2ddc
_cBK
_e3rd
_k005.7681 WHIT
999 _c193430
_d193430